01371naa a22002777a 4500001001000000003000900010005001700019007000300036008003400039040005400073041000900127072002000136090001800156100001600174100002200190245011200212500021900324773019800543650001300741650002100754490010800775942001500883909004000898999001900938952013600957BR7906863BR-BrBNA20250716090241.0ta250630b bl.|||m| |||| 00| 0 por d aBR-BrBNAbporcBiblioteca Nacional de Agricultura a(Pt) aK50b8919bG514 aK50 BR79068631 aNeves, J.M.1 aAssumpcao, R.M.V.1 aAlternativas, em desenvolvimento, para producao de pastas mecanicas [Celulose; Industria florestal; Brasil] aTrabalhos apresentados pelo Centro Tecnico em Celulose e Papel no 12. Congresso Anual da Associacao Tecnica Brasileira em Celulose e Papel Sao Paulo, SP (Brasil): 1979. p. 45-56 [9 illus.; 16 ref.] (BR7906863-AMS) 0 tTrabalhos apresentados pelo Centro Tecnico em Celulose e Papel no 12. Congresso Anual da Associacao Tecnica Brasileira em Celulose e PapelwK50 BR7906863gSao Paulo, SP (Brasil), 1979. p. 45-56 aCELULOSE aINDUSTRIALIZACAO aPublicacoes Especiais - Instituto de Pesquisas Tecnologicas do Estado de Sao Paulo S.A. (Brazil)vno. 8 cAMS2AGRIS a202506bLúciac55dLúcia Elande c333463d333463 002AGRIS40708AGROBASEa41918b41918l0o8919 BR8003839r2025-06-30t01yAMS10d2025-06-30ePortaria Interministerial nº 164/94